00349nam a2200109Ia 4500008004100000082001000041100002700051245004700078260002000125630004700145730004700192100328s9999 xx 000 0 und d b24448 aपै शिरिष aलग्न आणि इतर कथा bअभिनव aलग्न आणि इतर कथा aलग्न आणि इतर कथा